01018nam a2200253Ia 4500003000400000005001700004008004100021020001800062040001800080041000800098082002100106100002900127245016400156250001200320260004400332300002600376650003300402650004200435650004100477700002900518942003000547999001900577952016800596OSt20251203140151.0210716s2016 xx 000 0 und d a9781785880902 cAIMIT LIBRARY aeng a006.32 21bSOAF aSoares, Fabio M.9247417 aNeural network programming with java : bunleash the power of neural networks by implementing professional java code /cBy Fabio M Soares and Alan M F D Souza. a1st ed. aMumbai :bPackt Publishing Ltd ,c2016. axi,220p. ;bPBc24 cm aHandling perceptrons9247418 aClassifying disease diagnosis9247419 aClustering customer profiles9247420 aSouza, Alan M F.9247421 2ddccBKe1stk006.32 SOAF c196839d196839 00102ddc40708MCAaAIMITbAIMITeKnowledge Worldg799.00iBill no:603; Bill dt:2019-01-24l0o006.32 SOAFpMCA16354r2026-05-23 00:00:00v599.25w2021-07-16yBK